000 02456nam a2200337 a 4500
003 OSt
005 20250828103134.0
007 cr ||||||a|a|a
008 250819s2025 mx a|||fom||| 001 0 spa d
040 _erda
100 1 _aNuñez Rodríguez, Estefanía Yamileth
_9190934
245 1 0 _aImportancia de la sistemática vegetal en interacción Rubus y hongos fitopatógenos en Hidalgo y Puebla, México /
_cpor Estefanía Yamileth; director de tesis Roney Solano Vidal; secretario Antonio Cortés Jiménez; vocal María de Jesús Yañez Rodríguez; suplente Luis Emilio Castillo Márquez; suplente Calixto Leopoldo Carrillo Fonseca.
264 1 _aChapingo, México :
_bEl autor,
_c2025.
300 _a1 recurso en línea (59 páginas):
_bcuadros, figuras.
336 _2rdacontent
_atexto
_btxt
337 _2rdamedia
_acomputadora
_bc
338 _2rdacarrier
_arecurso en línea
_bcr
502 _bIAEPA
_cParasitología
_d2025.
_gLIC
504 _aIncluye referencias bibliográficas: páginas 50-52.
520 _aPara la identificación de especies de zarzamora silvestre en los meses de abril-mayo de 2024, se hicieron colectas en la Cabaña, Tejocotal y La Bóveda, todos del municipio de Acaxochitlán. Hidalgo. En el municipio de Huauchinango, Puebla se muestreó en el puente Totolapa y Venta Grande y en Chiconcuatla, Puebla en la localidad de Mimitla, en total se obtuvieron 12 muestras. El material fue prensado en campo y la identificación se realizó en el Herbario-Hortorio JES del Departamento de la Preparatoria Agrícola de la Universidad Autónoma Chapingo. Utilizando las claves específicas para la familia rosácea de diferentes autores, las especies identificadas fueron: Rubus pringlei, R. glaucus, R. eriocarpus, R. avaro, R. fagifolius, R. adenotrichos y R. vulcanicola.
650 4 _aHongos fitopatógenos
_xIdentificación
_9131720
650 4 _aZarzamora
_xIdentificación
_9191143
650 4 _aZarzamora
_xEnfermedades por hongos
_9123735
700 1 _aSolano Vidal, Roney
_9189248
_edirector.
700 1 _aCortés Jiménez, Antonio
_9188854
_esecretario.
700 1 _aYáñez Morales, María de Jesús
_9123131
_evocal.
700 1 _aCastillo Márquez, Luis Emilio
_920176
_esuplente.
700 1 _aCarrillo Fonseca, Calixto Leopoldo
_919482
_esuplente.
856 _zDESCARGAR PDF
_uhttp://10.13.5.2/tesis/tl/1911736-4_NUNEZ_RODRIGUEZ_ESTEFANIAYAMILETH.pdf
942 _2Clasificación Universidad Autónoma Chapingo
_cTD
999 _c220835
_d220835